| 000 | 00655cam a2200229 a 4500 | ||
|---|---|---|---|
| 999 |
_c5708 _d5708 |
||
| 001 | 4283 | ||
| 003 | BD-DhUAP | ||
| 005 | 20201220133031.0 | ||
| 008 | 201220s1999 nyuabf b f000 0 eng | ||
| 020 | _a0471318868 | ||
| 040 |
_aBD-DhUAP _cBD-DhUAP _dBD-DhUAP _bEng |
||
| 082 |
_a650.11 ROG _223 |
||
| 100 | _aRogak, Lisa. | ||
| 245 |
_aSmart guide to managing your time / _cLisa Rogak. |
||
| 260 |
_aNew York : _bWiley, _cc1999. |
||
| 300 |
_axiv, 175 pages : _billustrations ; _c24 cm. |
||
| 490 | _aSmart guides. | ||
| 500 | _aIncludes index. | ||
| 650 | _aTime management. | ||
| 942 |
_2ddc _cBK |
||